000 00450nam a22001817a 4500
003 MPLRDC
005 20220104144526.0
008 210129b ||||| |||| 00| 0 eng d
020 _a7-80641-377-4
082 _a857.9 SMZY-48 v.2
100 _a司马紫烟
245 _a南疆飞龙传, 下
_c
250 _a一版一刷
260 _a
_b中原农民出版社
_c2001
300 _b
650 _a武侠小说
942 _cBK
_o857.9 SMZY-48 v.2
999 _c50469
_d50459